000 00352nam a22001217a 4500
999 _c3203
_d3203
005 20201118150534.0
008 201118b ||||| |||| 00| 0 eng d
020 _a185100033X
040 _cCML
245 _aPlanning R.E. in Schools.
_cEvans J.
260 _aCEM Royal Buildings
_bDerby
_c1991
942 _2ddc
_cBK
_e1st Edition
_h207
_mEUA